000 00511nam a2200217Ia 4500
003 OSt
005 20220928145455.0
006 a|||||r|||| 00| 0
007 ta
008 220927b |||||||| |||| 00| 0 eng d
024 _a80739
037 _cTextual
040 _aSDCL
_cSDCL
_beng
041 _2eng
_aeng
082 _aW85, L8
100 _aBell J Bowyer
_9513095
245 0 _aTime of terror.
260 _c1978
942 _hW85, L8
_cTEXL
_2CC
999 _c833749
_d833749